书目信息 |
| 题名: |
四库全书圆鉴 三
|
|
| 作者: | 张福江 选编 | |
| 分册: | ||
| 出版信息: | 北京 东方出版社 2004.01 |
|
| 页数: | 1册 | |
| 开本: | 21cm | |
| 丛书名: | ||
| 单 册: | ||
| 中图分类: | Z121.5 | |
| 科图分类: | ||
| 主题词: | 四库全书--圆鉴 | |
| 电子资源: | ||
| ISBN: | 7-5060-1775-X | |
| 000 | 00626nam0 2200217 450 | |
| 001 | 012006000000 | |
| 005 | 20070616091133.81 | |
| 010 | @a7-5060-1775-X@dCNY198.00 | |
| 100 | @a20070509d2004 em y0chiy0110 ea | |
| 101 | 0 | @achi |
| 102 | @aCN@b110000 | |
| 105 | @ay z 000yy | |
| 200 | 1 | @a四库全书圆鉴 三@ASi Ku Quan Shu Yuan Jian San@f张福江选编@FZhang Fu Jiang Xuan Bian |
| 210 | @a北京@c东方出版社@d2004.01 | |
| 215 | @a1册@d21cm | |
| 606 | 0 | @a四库全书@x圆鉴 |
| 690 | @aZ121.5@v4 | |
| 701 | 0 | @a张福江@AZhang Fu Jiang@4选编 |
| 801 | 0 | @aCN@bBJSWSY@c20070616 |
| 905 | @aBZT@dZ121.5@e1-3 | |
| 906 | @dCNY198.00@n0@r1 | |
| 四库全书圆鉴 三/张福江选编.-北京:东方出版社,2004.01 |
| 1册;21cm |
| ISBN 7-5060-1775-X:CNY198.00 |
| ● |
| 相关链接 |
|
|
|
正题名:四库全书圆鉴 三
索取号:Z121.5/1-3
 
预约/预借
| 序号 | 登录号 | 条形码 | 馆藏地/架位号 | 状态 | 备注 |
| 1 | 562109 | 230123461 | 特藏书库/藏007架B面2层1列/ [索取号:Z121.5/1-3] | 在馆 | |
| 2 | 562110 | 230123458 | 特藏书库/藏007架B面3层1列/ [索取号:Z121.5/1-3] | 在馆 | |
| 3 | 562111 | 230123460 | 特藏书库/藏007架B面1层1列/ [索取号:Z121.5/1-3] | 在馆 | |
| 4 | 562112 | 230123459 | 特藏书库/藏007架B面3层1列/ [索取号:Z121.5/1-3] | 在馆 | |
| 5 | 562113 | 230123462 | 特藏书库/藏007架B面3层1列/ [索取号:Z121.5/1-3] | 在馆 |